Dynamic meteorology : data assimilation methods /

Bibliographic Details
Corporate Author: European Centre for Medium Range Weather Forecasts
Other Authors: Bengsteen, L., Kallen, E., Ghil, Michael
Format: Book
Language:English
Published: New York, N.Y. : Springer-Verlag, [1981]
Series:Applied mathematical sciences (Springer-Verlag New York Inc.) ; v. 36.
Subjects:

MARC

Tag First Indicator Second Indicator Subfields
LEADER 00000cam a22000008a 4500
001 in00000084929
005 20151008054425.0
008 810824s1981 nyuab b 10000 eng
010 |a  81014410  
020 |a 0387906320 (U.S.) 
035 |a (OCoLC)07774473 
035 |9 AAJ0613AM 
039 0 |a 2  |b 3  |c 3  |d 3  |e 3 
040 |a DLC  |c DLC  |d TXA  |d UtOrBLW 
049 |a TXAM  |c [1195964] 
050 0 0 |a QA1  |b .A647 vol. 36  |a QC874.3 
082 0 |a 510 s  |a 551.5/028/5  |2 19 
245 0 0 |a Dynamic meteorology :  |b data assimilation methods /  |c Lennart Bengtsson, Michael Ghil, Erland Kallen, editors. 
263 |a 8108 
264 1 |a New York, N.Y. :  |b Springer-Verlag,  |c [1981] 
264 4 |c ©1981 
300 |a 330 pages :  |b illustrations, maps ;  |c 24 cm. 
336 |a text  |b txt  |2 rdacontent 
337 |a unmediated  |b n  |2 rdamedia 
338 |a volume  |b nc  |2 rdacarrier 
490 1 |a Applied mathematical sciences ;  |v v. 36 
500 |a Proceedings of the 1980 ECMWE seminar held at the European Centre for Medium Range Weather Forecasts (ECMWF), Shinfield Park, Readings. 
504 |a Includes bibliographies. 
650 0 |a Meteorology  |x Data processing  |x Congresses. 
650 0 |a Dynamic meteorology  |v Congresses. 
700 1 |a Bengsteen, L. 
700 1 |a Kallen, E. 
700 1 |a Ghil, Michael. 
710 2 |a European Centre for Medium Range Weather Forecasts. 
830 0 |a Applied mathematical sciences (Springer-Verlag New York Inc.) ;  |v v. 36. 
999 |a MARS 
999 f f |s ae8af895-1a57-39c4-b792-09252171f179  |i 56506e25-7e45-338f-957b-894d54dce48d  |t 0 
952 f f |p normal  |a Texas A&M University  |b College Station  |c Sterling C. Evans Library  |d Evans: Library Stacks  |t 0  |e QA1 .A647 v.36  |h Library of Congress classification  |i unmediated -- volume  |m A14806200192 
998 f f |a QA1 .A647 v.36  |t 0  |l Evans: Library Stacks